| 000 | 01056cac a22003131u 4500 | ||
|---|---|---|---|
| 003 | EG-ScBUE | ||
| 005 | 20220322120144.0 | ||
| 008 | 081130s2000 enk f 000 1 eng d | ||
| 020 | _a9780099282990 | ||
| 020 | _a0099282992 | ||
| 040 |
_aEG-ScBUE _beng _erda _cEG-ScBUE _dEG-ScBUE |
||
| 082 | 0 | 4 |
_a895.635 _bMIS _222 |
| 100 | 1 |
_aMishima, Yukio, _d1925-1970, _eauthor. _91363 |
|
| 245 | 1 | 0 |
_aSpring snow / _cYukio Mishima ; translated by Michael Gallagher. |
| 264 | 1 |
_aLondon : _bVintage, _c2000. |
|
| 300 |
_a389 pages ; _c22 cm. |
||
| 336 |
_2rdacontent _atext _btxt |
||
| 337 |
_2rdamedia _aunmediated _bn |
||
| 338 |
_2rdacarrier _avolume _bnc |
||
| 490 | 0 | _aThe sea of fertility | |
| 546 | _aText in English ; translated from the original Japanese. | ||
| 650 | _2BUEsh | ||
| 651 | 7 |
_aJapan _xHistory _y20th century _vFiction. _2BUEsh |
|
| 653 |
_bHHUUEENN _cMarch2022 |
||
| 655 |
_vReading book _934232 |
||
| 700 | 1 |
_aGallagher, Michael, _d1951- _etranslator. _937921 |
|
| 942 |
_cBB _k895.635 MIS _2ddc |
||
| 999 |
_c9562 _d9562 |
||